5-Letter Countries by Middle Letter - Statistics

General Stats
  • This quiz has been taken 21 times
  • The average score is 11 of 13
Answer Stats
Middle Letter Answer % Correct
n Benin | Kenya | Tonga
100%
b Gabon | Libya
94%
p Japan | Nepal
94%
g Niger
94%
a Ghana | Italy | Spain
88%
l Malta | Palau
88%
i Chile | China | Haiti
82%
d India | Sudan
82%
u Nauru
82%
m Samoa | Yemen
82%
y Egypt
71%
r Syria
65%
t Qatar
59%
No matching quizzes found
Score Distribution
Percent of People with Each Score
Percentile by Number Answered
Your Score History
You have not taken this quiz